00551nam a2200133Ia 4500008004100000100001900041245007100060245008400131260004900215650001300264856004800277999001900325952007300344170221s9999 xx 000 0 und d aCharles McPeak 4aThe effects of drought on sustainability and financial performance cCharles McPeak, Pepperdine University; Gabriella Namvar, Pepperdine University. bJournal of Management and Marketing Research xBusiness uhttp://www.aabri.com/manuscripts/152178.pdf c307893d307893 001040aCLbCLd2017-02-21l0r2017-02-21 00:00:00w2017-02-21yFOJ